00828nam a2200193 a 450000100100000000500170001000800410002702000150006804000250008310000360010824501570014426000730030130000210037450000420039550400320043770000430046995201050051299900170061700003750520200930080412.0120420s2002 sp 000 0 spa d a8400081048 aDO-SdBNPbspacBNPHU1 aMartín Sánchez, Juan96396110aPerú 28 de Julio :bdiscurso y acción política el día de fiestas patrias, 1969-1999 /cJuan Martín Sánchez ; prólogo Fernándo Castaño. aSevilla :bConsejo Superior de Investigaciones Científicas,c2002. a258 p. ;c25 cm. aIncluye notas al pie de las páginas aBibliografía : p. 245-2581 aCastaño, Fernándo,epról.963962 001050718MOaGRbGRcCTd2012-04-20iLF1l0o p37505-10r2020-06-25w2020-06-25y1ZNo se presta c36995d36995